| 000 | 00720nam a22002177a 4500 | ||
|---|---|---|---|
| 005 | 20210325173927.0 | ||
| 008 | s2527 th tha d | ||
| 041 | _atha | ||
| 050 | _aSF213 จ4 | ||
| 100 | 0 | _aจรัญ จันทลักขณา | |
| 245 | 1 | 0 | _aควายในระบบไร่นาไทย |
| 260 | 3 |
_aกรุงเทพฯ : _bไทยวัฒนาพานิช, _c2527 |
|
| 300 |
_a131 หน้า : _b ภาพประกอบ, ตาราง |
||
| 650 | 0 | 4 | _aควาย |
| 650 | 0 | 4 | _aปศุสัตว์ |
| 650 | 0 | 4 | _aเกษตรกรรม -- ไทย |
| 850 | _aNALT | ||
| 942 | _cGB | ||
| 997 | _c000000000002683 | ||
| 998 | _aSOPAPORN | ||
| 999 |
_c2683 _d2683 |
||